[Event "Tastrup"]
[Site "Tastrup"]
[Date "1990.??.??"]
[Round "6"]
[White "Berg, Klaus"]
[Black "Hector, Jonny"]
[Result "1-0"]
[WhiteElo "2410"]
[BlackElo "2465"]
[PlyCount "139"]
[EventDate "1990.02.??"]
[EventType "tourn"]
[EventRounds "9"]
[EventCountry "DEN"]
[EventCategory "9"]
[Source "ChessBase"]
[SourceDate "1991.02.01"]

1. d4 d5 2. Bg5 c5 3. Nc3 Nc6 4. e3 Qa5 5. Qd2 Bf5 6. Nf3 h6 7. Bh4 e6 8. Bb5
a6 9. Bxc6+ bxc6 10. O-O Nf6 11. Nxd5 Qxd2 12. Nxf6+ gxf6 13. Nxd2 Be7 14. e4
Bh7 15. dxc5 O-O-O 16. Rfd1 Rd4 17. c3 Rd3 18. Kf1 Rhd8 19. Ke2 R8d7 20. f3
Bxc5 21. Nc4 Rxd1 22. Rxd1 Rxd1 23. Kxd1 f5 24. exf5 Bxf5 25. Ne5 Bd6 26. Nxf7
Bxh2 27. Nxh6 Bb1 28. a3 a5 29. Bf6 Bf4 30. Nf7 Ba2 31. Kc2 a4 32. Bg5 Bg3 33.
Bf6 Kd7 34. Be5 Ke7 35. Bxg3 Kxf7 36. Kd3 c5 37. c4 Ke7 38. Be5 Bb3 39. f4 Bd1
40. Kc3 Kd7 41. g3 Ke7 42. Kd3 Kd7 43. Bb8 Ke7 44. Ba7 Kd6 45. Kc3 Kc6 46. Kd2
Bb3 47. Kd3 Bd1 48. Ke4 Kd6 49. Bb8+ Ke7 50. Ke5 Be2 51. Bd6+ Kf7 52. Bxc5 Bxc4
53. b4 axb3 54. Bd4 Bb5 55. g4 Be2 56. g5 Bb5 57. Kd6 Bc4 58. a4 Kg6 59. a5 Kf5
60. Kc5 Bd3 61. Be5 b2 62. Bxb2 Kxf4 63. Bc1+ Ke5 64. Kb6 Kd6 65. a6 Be4 66. a7
e5 67. Bb2 Ke6 68. Kc7 Bd5 69. Kb8 e4 70. Bc1 1-0

[Event "Tastrup"]
[Site "Tastrup"]
[Date "1990.??.??"]
[Round "3"]
[White "Berg, Klaus"]
[Black "Brynell, Stellan"]
[Result "1/2-1/2"]
[WhiteElo "2410"]
[BlackElo "2430"]
[PlyCount "94"]
[EventDate "1990.02.??"]
[EventType "tourn"]
[EventRounds "9"]
[EventCountry "DEN"]
[EventCategory "9"]
[Source "ChessBase"]
[SourceDate "1991.02.01"]

1. e4 c5 2. Nf3 Nc6 3. d4 cxd4 4. Nxd4 Nf6 5. Nc3 e5 6. Ndb5 d6 7. Bg5 a6 8.
Na3 Be6 9. Nc4 Rc8 10. Bxf6 gxf6 11. Bd3 Ne7 12. Ne3 Bh6 13. O-O Bxe3 14. fxe3
Qb6 15. Qf3 h5 16. Nd5 Bxd5 17. exd5 Rh6 18. Rae1 Rc7 19. Qg3 Kf8 20. b3 Rc3
21. Rf3 Nxd5 22. Qf2 Qb4 23. Bc4 Rxc2 24. Qf1 Ne7 25. a3 Qa5 26. Rd1 Rd2 27. b4
Rxd1 28. Qxd1 Qxa3 29. Qxd6 Qc1+ 30. Bf1 Qc6 31. Qd8+ Qe8 32. Qb6 Qd7 33. Rxf6
Rxf6 34. Qxf6 Ng6 35. h3 Qe7 36. Qb6 Kg7 37. Be2 Kh6 38. Bc4 h4 39. Bd5 Qg5 40.
Bxf7 Qg3 41. Kf1 Qg5 42. Be8 Qg3 43. Qe6 Qg5 44. Qb6 Qg3 45. Qxb7 Qxe3 46. Qxa6
Qf4+ 47. Ke2 Qe4+ 1/2-1/2

[Event "Tastrup"]
[Site "Tastrup"]
[Date "1990.??.??"]
[Round "8"]
[White "Berg, Klaus"]
[Black "Hansen, Lars Bo"]
[Result "0-1"]
[WhiteElo "2410"]
[BlackElo "2460"]
[PlyCount "126"]
[EventDate "1990.02.??"]
[EventType "tourn"]
[EventRounds "9"]
[EventCountry "DEN"]
[EventCategory "9"]
[Source "ChessBase"]
[SourceDate "1991.02.01"]

1. e4 e6 2. d4 d5 3. Nc3 Bb4 4. a3 Bxc3+ 5. bxc3 Ne7 6. Bd3 c5 7. exd5 exd5 8.
dxc5 Qa5 9. Ne2 Nd7 10. Rb1 a6 11. O-O O-O 12. Nf4 Nxc5 13. Re1 Qc7 14. Rxe7
Qxe7 15. Nxd5 Qh4 16. g3 Qd8 17. Nb6 Nxd3 18. cxd3 Ra7 19. Be3 Bf5 20. Bd4 Re8
21. h4 h5 22. Qxh5 Bxd3 23. Qg4 g6 24. Rc1 a5 25. Qf4 Ra6 26. Qh6 f6 27. Rd1
Bc2 28. Rd2 Bb1 29. Rb2 Re1+ 30. Kh2 Bf5 31. Rb5 Be4 32. f3 Bd3 33. Rd5 Qe7 34.
Bf2 Re2 35. Kg2 Rxf2+ 36. Kxf2 Qe2+ 37. Kg1 Qf1+ 38. Kh2 Qf2+ 39. Kh3 Qf1+ 40.
Kh2 Qf2+ 41. Kh3 Bf1+ 42. Kg4 f5+ 43. Kf4 Qxb6 44. Rd7 Qf6 45. h5 Bb5 46. Qh7+
Kf8 47. Qh6+ Kg8 48. Qh7+ Kf8 49. Qh6+ Ke8 50. Rd5 Bd7 51. hxg6 Rc6 52. Qh5
Rc4+ 53. Rd4 Rxd4+ 54. cxd4 Qxd4+ 55. Kg5 Qe3+ 56. f4 Qxg3+ 57. Kh6 Qxf4+ 58.
Kh7 Be6 59. Qh1 Qe4 60. Qa1 f4 61. Qh8+ Kd7 62. Qg7+ Kc6 63. Qc3+ Kb5 0-1

[Event "Tastrup"]
[Site "Tastrup"]
[Date "1990.??.??"]
[Round "1"]
[White "Berg, Klaus"]
[Black "Bronstein, David I"]
[Result "0-1"]
[WhiteElo "2410"]
[BlackElo "2445"]
[PlyCount "50"]
[EventDate "1990.02.??"]
[EventType "tourn"]
[EventRounds "9"]
[EventCountry "DEN"]
[EventCategory "9"]
[Source "ChessBase"]
[SourceDate "1991.02.01"]

1. e4 e5 2. Nc3 Nf6 3. Nf3 Nc6 4. Bb5 Bb4 5. O-O O-O 6. d3 d6 7. Ne2 Bg4 8.
Bxc6 bxc6 9. Ng3 Nh5 10. c3 Bc5 11. Nf5 Qf6 12. h3 Bxf5 13. Bg5 Qe6 14. exf5
Qxf5 15. g4 Qe6 16. gxh5 Qxh3 17. h6 e4 18. dxe4 Rfe8 19. Nd4 Rxe4 20. f3 Qg3+
21. Kh1 Re5 22. f4 Qh3+ 23. Kg1 Re3 24. Bh4 Qxh4 25. Rf2 Rh3 0-1

[Event "Tastrup"]
[Site "Tastrup"]
[Date "1990.??.??"]
[Round "6"]
[White "Brynell, Stellan"]
[Black "Vogt, Lothar"]
[Result "1/2-1/2"]
[WhiteElo "2430"]
[BlackElo "2500"]
[PlyCount "107"]
[EventDate "1990.02.??"]
[EventType "tourn"]
[EventRounds "9"]
[EventCountry "DEN"]
[EventCategory "9"]
[Source "ChessBase"]
[SourceDate "1991.02.01"]

1. e4 c5 2. Nf3 e6 3. c3 d5 4. exd5 Qxd5 5. d4 Nf6 6. Be2 cxd4 7. cxd4 Be7 8.
O-O O-O 9. Nc3 Qd6 10. Bg5 Nc6 11. Rc1 a6 12. Qd2 Rd8 13. Rfd1 Nd5 14. Nxd5
Bxg5 15. Qxg5 exd5 16. Rc3 f6 17. Qh5 g6 18. Qh6 Qf8 19. Qf4 Qd6 20. Qh6 Qf8
21. Qd2 Re8 22. Re1 Be6 23. Qf4 Kg7 24. Bd3 Bf7 25. Rxe8 Qxe8 26. h4 h5 27. Qc7
Qc8 28. Qb6 Qd7 29. b4 Rc8 30. Rc5 Ne7 31. Nd2 Rc6 32. Qa7 Rxc5 33. Qxc5 Nf5
34. Bxf5 Qxf5 35. Qc3 Qd7 36. Nf1 Qa4 37. a3 Qd1 38. Qd2 Qa4 39. Qe3 a5 40.
bxa5 Qxa5 41. g3 Qc7 42. Qb3 Qc1 43. Kg2 b5 44. Qe3 Qb2 45. Nd2 b4 46. axb4
Qxb4 47. Nb3 Qa3 48. Nc5 Qxe3 49. fxe3 g5 50. Kf3 Kg6 51. e4 dxe4+ 52. Kxe4 Ba2
53. d5 Bxd5+ 54. Kxd5 1/2-1/2

[Event "Tastrup"]
[Site "Tastrup"]
[Date "1990.??.??"]
[Round "4"]
[White "Brynell, Stellan"]
[Black "Hansen, Lars Bo"]
[Result "1/2-1/2"]
[WhiteElo "2430"]
[BlackElo "2460"]
[PlyCount "93"]
[EventDate "1990.02.??"]
[EventType "tourn"]
[EventRounds "9"]
[EventCountry "DEN"]
[EventCategory "9"]
[Source "ChessBase"]
[SourceDate "1991.02.01"]

1. e4 e6 2. d4 d5 3. Nd2 c5 4. exd5 exd5 5. Bb5+ Bd7 6. Qe2+ Be7 7. dxc5 Nf6 8.
Nb3 O-O 9. Be3 Re8 10. Nf3 Bxc5 11. Nxc5 Qa5+ 12. Qd2 Qxb5 13. O-O-O Na6 14.
Nxd7 Qxd7 15. Bg5 Ne4 16. Qxd5 Qxd5 17. Rxd5 Rac8 18. Rd4 Nxf2 19. Re1 Rxe1+
20. Nxe1 Re8 21. Nd3 Nxd3+ 22. Rxd3 f6 23. Be3 Nb4 24. Rb3 Nc6 25. Kd2 Re7 26.
Rd3 Kf7 27. b3 Rc7 28. c4 Ke6 29. Bf4 Rc8 30. Rd6+ Ke7 31. Rd5 Ke6 32. Rd6+ Ke7
33. Rd5 Ke6 34. Kc3 Ne5 35. Kd4 Nc6+ 36. Ke4 Re8 37. a3 g5 38. Bg3 h5 39. h3
Rd8 40. Rxd8 f5+ 41. Kd3 Nxd8 42. b4 Nc6 43. b5 Ne5+ 44. Kd4 f4 45. Bf2 g4 46.
hxg4 hxg4 47. Ke4 1/2-1/2

[Event "Tastrup"]
[Site "Tastrup"]
[Date "1990.??.??"]
[Round "2"]
[White "Brynell, Stellan"]
[Black "Kristiansen, Jens"]
[Result "1/2-1/2"]
[WhiteElo "2430"]
[BlackElo "2445"]
[PlyCount "31"]
[EventDate "1990.02.??"]
[EventType "tourn"]
[EventRounds "9"]
[EventCountry "DEN"]
[EventCategory "9"]
[Source "ChessBase"]
[SourceDate "1991.02.01"]

1. e4 g6 2. d4 Bg7 3. Nc3 c6 4. Nf3 d5 5. h3 Nf6 6. e5 Ne4 7. Bd3 Nxc3 8. bxc3
c5 9. O-O Nc6 10. Rb1 c4 11. Be2 Qa5 12. Bd2 O-O 13. Re1 Qxa2 14. Ra1 Qb2 15.
Rb1 Qa2 16. Ra1 1/2-1/2

[Event "Tastrup"]
[Site "Tastrup"]
[Date "1990.??.??"]
[Round "2"]
[White "Farago, Ivan"]
[Black "Berg, Klaus"]
[Result "0-1"]
[WhiteElo "2475"]
[BlackElo "2410"]
[PlyCount "104"]
[EventDate "1990.02.??"]
[EventType "tourn"]
[EventRounds "9"]
[EventCountry "DEN"]
[EventCategory "9"]
[Source "ChessBase"]
[SourceDate "1991.02.01"]

1. d4 Nf6 2. c4 g6 3. Nc3 Bg7 4. e4 d6 5. Be2 O-O 6. Bg5 Nbd7 7. Qd2 c6 8. Nf3
e5 9. O-O exd4 10. Nxd4 Nc5 11. f3 Nfxe4 12. fxe4 Bxd4+ 13. Qxd4 Qxg5 14. Qxd6
Qe3+ 15. Kh1 Nxe4 16. Nxe4 Qxe4 17. Rae1 Be6 18. Qe7 Rae8 19. Qb4 Bd5 20. Rg1
b5 21. b3 Qh4 22. Qc3 bxc4 23. Bxc4 Bxc4 24. bxc4 Qf2 25. a3 Rxe1 26. Rxe1 Rd8
27. h3 h5 28. Qe3 Qxe3 29. Rxe3 Kf8 30. Re5 Rd7 31. Rc5 Rc7 32. Re5 Kg7 33. g4
hxg4 34. hxg4 Kf6 35. Rc5 Ke6 36. Kg2 Kd6 37. Ra5 c5 38. Kf3 Ke5 39. Ke3 f5 40.
Ra6 fxg4 41. Rxg6 Kf5 42. Rd6 Re7+ 43. Kf2 Kf4 44. Rd5 g3+ 45. Kf1 Re5 46. Rd7
a5 47. Rf7+ Rf5 48. Rd7 Kf3 49. Kg1 Rf4 50. Rd3+ Kg4 51. Kg2 Rf2+ 52. Kg1 Rc2
0-1

[Event "Tastrup"]
[Site "Tastrup"]
[Date "1990.??.??"]
[Round "4"]
[White "Farago, Ivan"]
[Black "Hoi, Carsten"]
[Result "1-0"]
[WhiteElo "2475"]
[BlackElo "2445"]
[PlyCount "107"]
[EventDate "1990.02.??"]
[EventType "tourn"]
[EventRounds "9"]
[EventCountry "DEN"]
[EventCategory "9"]
[Source "ChessBase"]
[SourceDate "1991.02.01"]

1. d4 d6 2. Nf3 g6 3. c4 Bg7 4. Nc3 Nf6 5. e4 O-O 6. Be2 Bg4 7. Be3 Nfd7 8. Rc1
e5 9. d5 a5 10. a3 Na6 11. Rb1 f5 12. b4 Qe7 13. h3 Bxf3 14. Bxf3 axb4 15. axb4
Nb6 16. Be2 f4 17. Bc1 Kh8 18. h4 Bf6 19. h5 Rg8 20. Bf1 g5 21. Qg4 c6 22. Rh3
Nc7 23. Bd2 Nd7 24. dxc6 bxc6 25. b5 cxb5 26. cxb5 Nb6 27. Bd3 Qe6 28. Qxe6
Nxe6 29. Bc2 Nc5 30. g4 h6 31. Bb3 Rgb8 32. Bc1 Ra5 33. Ke2 Kg7 34. Rh1 Kf8 35.
Rd1 Ke7 36. f3 Rb7 37. Bd2 Ra3 38. Nd5+ Kf7 39. Bc2 Nxd5 40. exd5 e4 41. Bxe4
Nxe4 42. fxe4 Ra4 43. Rdc1 Rxe4+ 44. Kf3 Rd4 45. Ba5 Rd3+ 46. Ke2 Ra3 47. Rc7+
Rxc7 48. Bxc7 Ra2+ 49. Kf1 Bd4 50. Rb3 Rf2+ 51. Ke1 f3 52. b6 Re2+ 53. Kd1 Be3
54. Rd3 1-0

[Event "Tastrup"]
[Site "Tastrup"]
[Date "1990.??.??"]
[Round "7"]
[White "Hansen, Lars Bo"]
[Black "Farago, Ivan"]
[Result "1-0"]
[WhiteElo "2460"]
[BlackElo "2475"]
[PlyCount "61"]
[EventDate "1990.02.??"]
[EventType "tourn"]
[EventRounds "9"]
[EventCountry "DEN"]
[EventCategory "9"]
[Source "ChessBase"]
[SourceDate "1991.02.01"]

1. d4 e6 2. c4 Nf6 3. Nc3 Bb4 4. Qc2 O-O 5. a3 Bxc3+ 6. Qxc3 b6 7. Bg5 Ba6 8.
Nf3 c5 9. dxc5 bxc5 10. e3 Nc6 11. Bd3 Qa5 12. Bxf6 gxf6 13. b4 cxb4 14. Qxf6
bxa3+ 15. Ke2 Qc5 16. Rhc1 Qe7 17. Qxe7 Nxe7 18. Rxa3 Bb7 19. Rb1 Bxf3+ 20.
gxf3 Nc6 21. Be4 Rab8 22. Rb5 Rb6 23. f4 Rfb8 24. Bxc6 dxc6 25. Rg5+ Kf8 26.
Rxa7 Rb2+ 27. Kf3 Rc2 28. Rc5 Rb4 29. f5 Rbxc4 30. f6 Ke8 31. Rg5 {Ftacnik,L}
1-0

[Event "Tastrup"]
[Site "Tastrup"]
[Date "1990.??.??"]
[Round "1"]
[White "Hector, Jonny"]
[Black "Kristiansen, Jens"]
[Result "1/2-1/2"]
[WhiteElo "2465"]
[BlackElo "2445"]
[PlyCount "140"]
[EventDate "1990.02.??"]
[EventType "tourn"]
[EventRounds "9"]
[EventCountry "DEN"]
[EventCategory "9"]
[Source "ChessBase"]
[SourceDate "1991.02.01"]

1. e4 c5 2. Nf3 Nc6 3. d4 cxd4 4. Nxd4 Nf6 5. Nc3 d6 6. Bc4 e6 7. Be3 a6 8. Qe2
Qc7 9. O-O-O Na5 10. Bd3 b5 11. Bg5 Be7 12. f4 b4 13. Nb1 h6 14. Bh4 e5 15. Nf5
Bxf5 16. exf5 O-O 17. Nd2 exf4 18. Rhe1 Nc6 19. Kb1 d5 20. g4 fxg3 21. Bxg3 Qb6
22. Qg2 Kh8 23. Bf4 Rad8 24. Rg1 Rg8 25. Qh3 Nh7 26. Be3 Bc5 27. Nf1 Ne5 28. f6
g6 29. Qxh6 Bxe3 30. Nxe3 Qxf6 31. Rdf1 Qg7 32. Qf4 Nxd3 33. cxd3 Rgf8 34. h4
a5 35. h5 d4 36. h6 Qf6 37. Qg3 Qd6 38. Qxd6 Rxd6 39. Nc4 Rd5 40. Rg4 Kg8 41.
Nb6 Rh5 42. Rxd4 Rxh6 43. Rd7 g5 44. Nd5 Kg7 45. Ra7 Rh3 46. d4 b3 47. axb3
Rxb3 48. Ka2 Rd3 49. Ne7 Rd2 50. Ka3 Rd3+ 51. Ka2 Rd2 52. Nf5+ Kg6 53. Ka3 Rd3+
54. Ka4 g4 55. Rxa5 Re8 56. b4 f6 57. Rg1 Re4 58. Nh4+ Kh6 59. d5 Ng5 60. d6
Nf3 61. Nxf3 gxf3 62. Ra8 Kh7 63. Ra7+ Kh6 64. Rag7 Rxd6 65. R1g6+ Kh5 66. Rg3
Kh6 67. R3g6+ Kh5 68. Rg1 Kh6 69. Rg8 Kh7 70. R8g3 Rdd4 1/2-1/2

[Event "Tastrup"]
[Site "Tastrup"]
[Date "1990.??.??"]
[Round "3"]
[White "Hector, Jonny"]
[Black "Vogt, Lothar"]
[Result "1/2-1/2"]
[WhiteElo "2465"]
[BlackElo "2500"]
[PlyCount "52"]
[EventDate "1990.02.??"]
[EventType "tourn"]
[EventRounds "9"]
[EventCountry "DEN"]
[EventCategory "9"]
[Source "ChessBase"]
[SourceDate "1991.02.01"]

1. e4 c5 2. Nf3 e6 3. d4 cxd4 4. Nxd4 Nf6 5. Nc3 d6 6. g4 Nc6 7. g5 Nd7 8. Be3
Be7 9. h4 O-O 10. Qh5 Nxd4 11. Bxd4 a6 12. O-O-O b5 13. Bd3 Ne5 14. f4 Nxd3+
15. Rxd3 Bb7 16. Re1 b4 17. Nd1 Re8 18. Nf2 Qa5 19. Ng4 b3 20. Nh6+ gxh6 21.
Rg1 hxg5 22. Qh6 e5 23. Bxe5 dxe5 24. Rxg5+ Bxg5 25. Qxg5+ Kh8 26. Qf6+ Kg8
1/2-1/2

[Event "Tastrup"]
[Site "Tastrup"]
[Date "1990.??.??"]
[Round "7"]
[White "Hector, Jonny"]
[Black "Schandorff, Lars"]
[Result "1-0"]
[WhiteElo "2465"]
[BlackElo "2445"]
[PlyCount "73"]
[EventDate "1990.02.??"]
[EventType "tourn"]
[EventRounds "9"]
[EventCountry "DEN"]
[EventCategory "9"]
[Source "ChessBase"]
[SourceDate "1991.02.01"]

1. e4 c5 2. Nf3 d6 3. d4 cxd4 4. Nxd4 Nf6 5. Nc3 a6 6. Bg5 e6 7. f4 Qb6 8. Bxf6
gxf6 9. Be2 Nc6 10. Nb3 Qe3 11. Rf1 Be7 12. Rf3 Qg1+ 13. Bf1 Qxh2 14. Qd2 Qh4+
15. g3 Qh5 16. Qf2 f5 17. exf5 Qxf5 18. O-O-O h5 19. Bd3 Qg4 20. Be2 Qg7 21. f5
Ne5 22. Rf4 Rh6 23. Kb1 Bd7 24. Rf1 exf5 25. Nd5 Bd8 26. Nd4 Rc8 27. Nxf5 Bxf5
28. Rxf5 h4 29. gxh4 Rxh4 30. Bh5 Kd7 31. Rxf7+ Nxf7 32. Qf5+ Kc6 33. Qxc8+
Kxd5 34. Bf3+ Ke5 35. Qc3+ Rd4 36. Qe3+ Kf5 37. Bh5+ 1-0

[Event "Tastrup"]
[Site "Tastrup"]
[Date "1990.??.??"]
[Round "5"]
[White "Hector, Jonny"]
[Black "Farago, Ivan"]
[Result "0-1"]
[WhiteElo "2465"]
[BlackElo "2475"]
[PlyCount "110"]
[EventDate "1990.02.??"]
[EventType "tourn"]
[EventRounds "9"]
[EventCountry "DEN"]
[EventCategory "9"]
[Source "ChessBase"]
[SourceDate "1991.02.01"]

1. e4 e6 2. d4 d5 3. Nc3 Bb4 4. a3 Bxc3+ 5. bxc3 dxe4 6. Qg4 Nf6 7. Qxg7 Rg8 8.
Qh6 Rg6 9. Qe3 Bd7 10. f3 Bc6 11. fxe4 Bxe4 12. Nf3 Nc6 13. Ng5 Bf5 14. Rb1 Nd5
15. Qd2 Nb6 16. Bd3 Bxd3 17. cxd3 h6 18. Nf3 Qe7 19. O-O O-O-O 20. a4 e5 21. a5
e4 22. Re1 Rdg8 23. Rxe4 Nc4 24. Qe2 Rxg2+ 25. Qxg2 Rxg2+ 26. Kxg2 Qd6 27. Re8+
Nd8 28. Rg8 Nxa5 29. Bd2 Nac6 30. Re1 b6 31. Ree8 Kb7 32. c4 Qa3 33. d5 Qxd3
34. dxc6+ Nxc6 35. Rg4 h5 36. Rf4 a5 37. Kf2 a4 38. Re3 Qd6 39. Rxf7 a3 40. Bc3
a2 41. Rg7 Qc5 42. Ba1 Nb4 43. Nd4 Qxc4 44. Ne6 Nd5 45. Re2 Qc1 46. Rg1 Qb1 47.
Nc5+ Kc6 48. Ne4 Nf4 49. Re3 h4 50. Rc3+ Kb7 51. Nd2 Nd3+ 52. Rxd3 Qxd3 53. Nf3
b5 54. Nxh4 Qd2+ 55. Kf1 Qf4+ 0-1

[Event "Tastrup"]
[Site "Tastrup"]
[Date "1990.??.??"]
[Round "9"]
[White "Hector, Jonny"]
[Black "Brynell, Stellan"]
[Result "1-0"]
[WhiteElo "2465"]
[BlackElo "2430"]
[PlyCount "117"]
[EventDate "1990.02.??"]
[EventType "tourn"]
[EventRounds "9"]
[EventCountry "DEN"]
[EventCategory "9"]
[Source "ChessBase"]
[SourceDate "1991.02.01"]

1. e4 e6 2. d4 d5 3. Nc3 Bb4 4. a3 Bxc3+ 5. bxc3 dxe4 6. Qg4 Nf6 7. Qxg7 Rg8 8.
Qh6 b6 9. Nh3 Bb7 10. Bb5+ c6 11. Be2 Nbd7 12. Bg5 Qe7 13. O-O O-O-O 14. f3 Rg6
15. Qh4 Rdg8 16. Kh1 h6 17. Bxf6 Qxf6 18. Qxf6 Nxf6 19. g3 c5 20. dxc5 bxc5 21.
Rab1 Nd7 22. Kg1 exf3 23. Bxf3 Bxf3 24. Rxf3 f5 25. Nf4 Rf6 26. Re1 Re8 27. Nh5
Rf7 28. g4 Ref8 29. Rxe6 fxg4 30. Rxf7 Rxf7 31. Rc6+ Kb7 32. Rxh6 Ne5 33. Nf6
Nf3+ 34. Kg2 Ne1+ 35. Kg3 Nxc2 36. Ne4 Kc7 37. Ra6 Kb8 38. Kxg4 Ne3+ 39. Kg5
Re7 40. Nd6 Nd5 41. h4 Rg7+ 42. Kh6 Rg3 43. h5 Rxc3 44. Rxa7 Re3 45. Rb7+ Ka8
46. Rd7 Nf6 47. Rd8+ Ka7 48. Kg6 Nxh5 49. Kxh5 Re1 50. Kg4 Kb6 51. Rc8 Rd1 52.
Nc4+ Kb5 53. Nb2 Rd2 54. Kf3 Rc2 55. Ke4 c4 56. Kd4 c3 57. Rc5+ Ka6 58. Nd3 Rb2
59. Kxc3 1-0

[Event "Tastrup"]
[Site "Tastrup"]
[Date "1990.??.??"]
[Round "7"]
[White "Hoi, Carsten"]
[Black "Brynell, Stellan"]
[Result "1/2-1/2"]
[WhiteElo "2445"]
[BlackElo "2430"]
[PlyCount "27"]
[EventDate "1990.02.??"]
[EventType "tourn"]
[EventRounds "9"]
[EventCountry "DEN"]
[EventCategory "9"]
[Source "ChessBase"]
[SourceDate "1991.02.01"]

1. d4 e6 2. Nf3 Nf6 3. e3 b6 4. Bd3 Bb7 5. O-O c5 6. c4 Be7 7. Nc3 d5 8. b3 O-O
9. Bb2 Nc6 10. cxd5 exd5 11. Rc1 cxd4 12. exd4 Re8 13. Re1 Bb4 14. Rxe8+
1/2-1/2

[Event "Tastrup"]
[Site "Tastrup"]
[Date "1990.??.??"]
[Round "3"]
[White "Hoi, Carsten"]
[Black "Bronstein, David I"]
[Result "1/2-1/2"]
[WhiteElo "2445"]
[BlackElo "2445"]
[PlyCount "37"]
[EventDate "1990.02.??"]
[EventType "tourn"]
[EventRounds "9"]
[EventCountry "DEN"]
[EventCategory "9"]
[Source "ChessBase"]
[SourceDate "1991.02.01"]

1. d4 Nf6 2. Nf3 g6 3. c4 Bg7 4. Nc3 O-O 5. e4 d6 6. h3 e5 7. d5 Nh5 8. Nh2 Na6
9. g3 Qe8 10. Be2 f5 11. exf5 Nf6 12. Ng4 gxf5 13. Nxf6+ Bxf6 14. Bh6 Bg7 15.
Bxg7 Kxg7 16. Qd2 f4 17. O-O-O Bf5 18. h4 fxg3 19. fxg3 1/2-1/2

[Event "Tastrup"]
[Site "Tastrup"]
[Date "1990.??.??"]
[Round "5"]
[White "Hoi, Carsten"]
[Black "Berg, Klaus"]
[Result "1/2-1/2"]
[WhiteElo "2445"]
[BlackElo "2410"]
[PlyCount "28"]
[EventDate "1990.02.??"]
[EventType "tourn"]
[EventRounds "9"]
[EventCountry "DEN"]
[EventCategory "9"]
[Source "ChessBase"]
[SourceDate "1991.02.01"]

1. e4 c5 2. c3 d5 3. exd5 Qxd5 4. d4 Nf6 5. Nf3 Nc6 6. Be2 cxd4 7. cxd4 e6 8.
O-O Be7 9. Nc3 Qd6 10. Bg5 O-O 11. Qd2 b6 12. Rfd1 Bb7 13. Rac1 Rac8 14. h3 a6
1/2-1/2

[Event "Tastrup"]
[Site "Tastrup"]
[Date "1990.??.??"]
[Round "3"]
[White "Kristiansen, Jens"]
[Black "Hansen, Lars Bo"]
[Result "0-1"]
[WhiteElo "2445"]
[BlackElo "2460"]
[PlyCount "82"]
[EventDate "1990.02.??"]
[EventType "tourn"]
[EventRounds "9"]
[EventCountry "DEN"]
[EventCategory "9"]
[Source "ChessBase"]
[SourceDate "1991.02.01"]

1. d4 e6 2. c4 Nf6 3. Nc3 Bb4 4. e3 c5 5. Nf3 d6 6. Bd3 Bxc3+ 7. bxc3 Nc6 8.
O-O b6 9. e4 e5 10. h3 h6 11. Be3 Qc7 12. Qd2 Bd7 13. d5 Ne7 14. Kh2 O-O-O 15.
Ng1 g5 16. g3 Nh7 17. f4 exf4 18. gxf4 Ng6 19. Nf3 gxf4 20. Bxf4 Nxf4 21. Qxf4
Ng5 22. h4 f6 23. Qg3 Nf7 24. Rg1 Rdf8 25. Raf1 Qd8 26. Be2 Qe7 27. Qf4 Ng5 28.
Bd3 Nh3 29. Qg3 Nxg1 30. Rxg1 Kc7 31. Qf4 Rfg8 32. Rxg8 Rxg8 33. Qxh6 Bg4 34.
Qf4 Bxf3 35. Qxf3 Qe5+ 36. Kh3 Qxc3 37. h5 Qd2 38. e5 dxe5 39. d6+ Kb8 40. d7
Kc7 41. Bf5 e4 0-1

[Event "Tastrup"]
[Site "Tastrup"]
[Date "1990.??.??"]
[Round "5"]
[White "Kristiansen, Jens"]
[Black "Bronstein, David I"]
[Result "1-0"]
[WhiteElo "2445"]
[BlackElo "2445"]
[PlyCount "105"]
[EventDate "1990.02.??"]
[EventType "tourn"]
[EventRounds "9"]
[EventCountry "DEN"]
[EventCategory "9"]
[Source "ChessBase"]
[SourceDate "1991.02.01"]

1. e4 c5 2. Nf3 d6 3. d4 cxd4 4. Nxd4 Nf6 5. Nc3 a6 6. Bd3 e5 7. Nde2 Be7 8.
O-O b5 9. f4 h5 10. Ng3 g6 11. Qf3 Bg4 12. Qf2 h4 13. Nge2 Rh7 14. h3 Bh5 15.
a3 Nbd7 16. Kh2 Nc5 17. Be3 Ne6 18. f5 gxf5 19. Qxf5 Bg6 20. Qf3 Ng7 21. b4 Kf8
22. Nd5 Nxd5 23. exd5 f5 24. g4 hxg3+ 25. Nxg3 Kg8 26. Nxf5 Bxf5 27. Bxf5 Nxf5
28. Qxf5 Qc8 29. Rg1+ Kh8 30. Qf3 Qxc2+ 31. Rg2 Qc4 32. Rc1 Rf8 33. Qxf8+ Bxf8
34. Rxc4 bxc4 35. Rc2 Rb7 36. Rxc4 Rb5 37. Rc8 Kg7 38. Ra8 Rxd5 39. Rxa6 Rd3
40. Bg5 Kg6 41. h4 e4 42. b5 Bg7 43. Kg2 Be5 44. a4 Kf5 45. Ra8 Rb3 46. a5 Rb2+
47. Kf1 Bd4 48. b6 Kg4 49. Rg8 Kh3 50. h5 e3 51. Re8 Kg4 52. Bxe3 Kf3 53. Bxd4
1-0

[Event "Tastrup"]
[Site "Tastrup"]
[Date "1990.??.??"]
[Round "9"]
[White "Kristiansen, Jens"]
[Black "Hoi, Carsten"]
[Result "1-0"]
[WhiteElo "2445"]
[BlackElo "2445"]
[PlyCount "65"]
[EventDate "1990.02.??"]
[EventType "tourn"]
[EventRounds "9"]
[EventCountry "DEN"]
[EventCategory "9"]
[Source "ChessBase"]
[SourceDate "1991.02.01"]

1. e4 e6 2. d4 d5 3. Nc3 Nf6 4. Bg5 dxe4 5. Nxe4 Nbd7 6. Nf3 Be7 7. Nxf6+ Bxf6
8. Bxf6 Qxf6 9. Bd3 O-O 10. Qe2 c5 11. Qe4 g6 12. c3 cxd4 13. cxd4 Nb6 14. O-O
Nd5 15. Ne5 Rd8 16. Rac1 Bd7 17. Rfd1 Ba4 18. b3 Be8 19. Bc4 Bc6 20. Bxd5 Bxd5
21. Qe3 Rac8 22. Ng4 Qg7 23. Qg5 f5 24. Ne5 Rf8 25. h4 a5 26. Rxc8 Rxc8 27. Rd3
Qc7 28. Kh2 Qc1 29. Re3 Qf1 30. Rc3 Bc6 31. Nxg6 h6 32. Qg3 Kh7 33. Ne7 1-0

[Event "Tastrup"]
[Site "Tastrup"]
[Date "1990.??.??"]
[Round "7"]
[White "Kristiansen, Jens"]
[Black "Berg, Klaus"]
[Result "1/2-1/2"]
[WhiteElo "2445"]
[BlackElo "2410"]
[PlyCount "70"]
[EventDate "1990.02.??"]
[EventType "tourn"]
[EventRounds "9"]
[EventCountry "DEN"]
[EventCategory "9"]
[Source "ChessBase"]
[SourceDate "1991.02.01"]

1. e4 c5 2. Nf3 d6 3. d4 cxd4 4. Nxd4 Nf6 5. Nc3 g6 6. Be2 Bg7 7. O-O O-O 8.
Bg5 a6 9. a4 Nbd7 10. Nb3 b6 11. f4 Bb7 12. Bf3 Qc7 13. Qd2 b5 14. axb5 axb5
15. Rae1 Rfc8 16. e5 b4 17. Nb5 Qb6+ 18. N5d4 Bxf3 19. Rxf3 dxe5 20. fxe5 Ng4
21. e6 fxe6 22. Rxe6 Ra1+ 23. Rf1 Rxf1+ 24. Kxf1 Rf8+ 25. Kg1 Qc7 26. g3 Qc4
27. Qd3 Qxd3 28. cxd3 Nc5 29. Rxe7 Nxb3 30. Nxb3 Nf2 31. Be3 Nxd3 32. Bd4 Bxd4+
33. Nxd4 Nxb2 34. Rb7 Nd3 35. Nc6 Rf7 1/2-1/2

[Event "Tastrup"]
[Site "Tastrup"]
[Date "1990.??.??"]
[Round "8"]
[White "Schandorff, Lars"]
[Black "Kristiansen, Jens"]
[Result "0-1"]
[WhiteElo "2445"]
[BlackElo "2445"]
[PlyCount "90"]
[EventDate "1990.02.??"]
[EventType "tourn"]
[EventRounds "9"]
[EventCountry "DEN"]
[EventCategory "9"]
[Source "ChessBase"]
[SourceDate "1991.02.01"]

1. d4 f5 2. g3 Nf6 3. Bg2 e6 4. Nf3 Be7 5. O-O O-O 6. c4 Ne4 7. b3 Nc6 8. Bb2
d5 9. Nc3 a5 10. e3 b6 11. Nd2 Nb4 12. Qe2 c6 13. a3 Nxd2 14. Qxd2 Na6 15. Rac1
Rb8 16. Ne2 Nc7 17. Qc2 Ne8 18. Nf4 Nd6 19. a4 g5 20. Nd3 Ba6 21. Ne5 Rc8 22.
Rfd1 Bf6 23. Ba3 Re8 24. Qb2 g4 25. cxd5 cxd5 26. Rxc8 Nxc8 27. Rc1 Nd6 28. Qc3
Bxe5 29. dxe5 Ne4 30. Qc6 Nd2 31. Qc2 Ne4 32. Qc6 Nd2 33. Qc3 Ne4 34. Qd4 b5
35. axb5 Bxb5 36. h3 h5 37. Qa7 gxh3 38. Bxh3 h4 39. Kh2 hxg3+ 40. fxg3 Qg5 41.
Rg1 Nf2 42. Qd4 Ne4 43. Qa7 Be2 44. Qd7 Qh5 45. Be7 Qf7 0-1